El tiempo, el modo y la voz como medios del narrador para la construcción de un relato apologético

Guardado en:
Bibliografiske detaljer
Hovedforfatter: Benavides Parkinson, Eliu
Format: Bog
Sprog:Undetermined
Udgivet: San José, Costa Rica Escuela de Filología, Lingüística y Literatura,Universidad de Costa Rica 1977
Fag:
Tags: Tilføj Tag
Ingen Tags, Vær først til at tagge denne postø!

MARC

LEADER 00000nam a2200000Ia 4500
008 170316s9999 xx 000 0 und d
040 |a cru BVZT 
090 |a Tesis 141 
100 |a Benavides Parkinson, Eliu 
245 |a El tiempo, el modo y la voz como medios del narrador para la construcción de un relato apologético 
260 |a San José, Costa Rica 
260 |b Escuela de Filología, Lingüística y Literatura,Universidad de Costa Rica 
260 |c 1977 
300 |a 115 páginas 
650 |a LICENCIATURA EN FILOLOGÍA ESPAÑOLA 
650 |a TRABAJO FINAL DE GRADUACIÓN 
999 |c 13747  |d 13747 
942 |c TFG  |h Tesis 141  |2 z